Les 15 meilleurs films selon les spectateurs - Statistiques

Statistiques générales
  • Ce quiz a été pris 900 fois
  • Le résultat moyen est 9 sur 15
Statistiques - réponses
Rang Année Film % Correct
1 1994 Forrest {Gump}
98%
3 1999 La {ligne} verte
93%
8 1994 Le Roi {Lion}
84%
11 1994 {Pulp} Fiction
84%
2 1993 La liste {de Schindler}
75%
13 1966 Le Bon, {la Brute et le Truand}
73%
15 2012 Django {unchained}
67%
10 2008 Le chevalier {noir}
58%
7 2003 Le Seigneur des anneaux : le {retour du roi}
57%
9 1975 Vol au-dessus d'un {nid de coucou}
57%
12 1968 Il était {une fois dans l'Ouest}
52%
4 1957 12 {hommes en colère}
42%
5 1972 Le {Parrain}
33%
14 1984 Il était {une fois en Amérique}
27%
6 1994 Les {Evadés}
21%
Aucun quiz correspondant
Distribution des résultats
% des personnes avec chaque résultat
Percentile par nombre de réponses
Votre historique - résultats
Vous n’avez pas pris ce quiz